MyGZULibrary

The rise of the Shona novel : (Record no. 5583)

MARC details
000 -LEADER
fixed length control field 00948nam a2200277 a 4500
001 - CONTROL NUMBER
control field 2029903
003 - CONTROL NUMBER IDENTIFIER
control field GZU
005 - DATE AND TIME OF LATEST TRANSACTION
control field 20210408151247.0
008 - FIXED-LENGTH DATA ELEMENTS--GENERAL INFORMATION
fixed length control field 910711s1990 rh a b 001 0 eng
010 ## - LIBRARY OF CONGRESS CONTROL NUMBER
LC control number 91981059
020 ## - INTERNATIONAL STANDARD BOOK NUMBER
International Standard Book Number 0869224727
040 ## - CATALOGING SOURCE
Original cataloging agency DLC
Transcribing agency DLC
041 0# - LANGUAGE CODE
Language code of text/sound track or separate title engsho
050 00 - LIBRARY OF CONGRESS CALL NUMBER
Classification number PL8681.5
Item number .K35 1990
082 00 - DEWEY DECIMAL CLASSIFICATION NUMBER
Classification number 496/.39753
Edition number 20
100 1# - MAIN ENTRY--PERSONAL NAME
Personal name Kahari, George P.
245 14 - TITLE STATEMENT
Title The rise of the Shona novel :
Remainder of title a study in development, 1890-1984 /
Statement of responsibility, etc. George P. Kahari.
260 ## - PUBLICATION, DISTRIBUTION, ETC.
Place of publication, distribution, etc. Gweru [Zimbabwe] :
Name of publisher, distributor, etc. Mambo,
Date of publication, distribution, etc. 1990.
300 ## - PHYSICAL DESCRIPTION
Extent xiv, 407 p. :
Other physical details ill. ;
Dimensions 22 cm.
500 ## - GENERAL NOTE
General note English with some Shona.
504 ## - BIBLIOGRAPHY, ETC. NOTE
Bibliography, etc. note Includes bibliographical references (p. [376]-394) and index.
650 #0 - SUBJECT ADDED ENTRY--TOPICAL TERM
Topical term or geographic name entry element Shona fiction
General subdivision History and criticism.
906 ## - LOCAL DATA ELEMENT F, LDF (RLIN)
a 7
b cbc
c orignew
d 3
e ncip
f 19
g y-gencatlg
942 ## - ADDED ENTRY ELEMENTS (KOHA)
Source of classification or shelving scheme Library of Congress Classification
Koha item type Books
Classification part 8681.5
Item part KAH
Call number prefix PL
Call number suffix 1990
Holdings
Withdrawn status Lost status Damaged status Not for loan Collection code Home library Current library Shelving location Date acquired Total Checkouts Full call number Barcode Date last seen Date last checked out Copy number Price effective from Koha item type Inventory number Source of classification or shelving scheme
        Non-fiction City Campus Library City Campus Library General Stacks 04/08/2021 1 PL8681.5 KAH 1990 G21530 04/23/2026 04/14/2026 c.1 04/08/2021 Books    
        Fiction City Campus Library City Campus Library General Stacks 04/21/2021   PL8681.5 KAH 1990 G22191 04/21/2021   c.2 04/21/2021 Books    
        Fiction Mashava Campus Library Mashava Campus Library General Stacks 05/20/2021 2 PL8681.5 KAH 1990 010916 01/29/2025 04/09/2024 c.3 05/20/2021 Books 010916  
        Fiction Mashava Campus Library Mashava Campus Library General Stacks 05/26/2021   PL 8681.5 KAH 1990 G22131 05/26/2021   c. 4 05/26/2021 Books 396 Library of Congress Classification
        Fiction Mashava Campus Library Mashava Campus Library General Stacks 08/15/2024   PL 8681.5 KAH 1990 006559 08/15/2024   C.5 08/15/2024 Books   Library of Congress Classification